Skip to content
VuFind
Login
All Fields
Title
Author
Subject
Call Number
ISBN/ISSN
Tag
Find
Advanced
Sand Graft Peel & Sprinkle bor...
Cite this
Text this
Email this
Print
Export Record
Export to RefWorks
Export to EndNoteWeb
Export to EndNote
Export to MARC
Export to BibTeX
Export to RIS
Save to List
Permanent link
Sand Graft Peel & Sprinkle bords
Saved in:
Bibliographic Details
Format:
Book
Language:
English
Tags:
Add Tag
No Tags, Be the first to tag this record!
Holdings
Description
Comments
Similar Items
Staff View
MARC
LEADER
00000nam a22000007a 4500
005
20260112110205.0
008
260112b |||||||| |||| 00| 0 eng d
082
|a
796
|b
SAN
245
|a
Sand Graft Peel & Sprinkle bords
942
|c
CHBK
999
|c
16608
|d
16608
Similar Items
Sprinkles of joy /
by: Jayakody, Chamila
Published: (2025)
The Graft/
by: Cole, Martina
Published: (2004)
Bone graft materials: novel classification and recent advances/
Published: (2022)
Bone graft materials : novel classification and recent advances /
by: Premadasa, Prasanna
Published: (2022)
Report of the work of the Rubber Research Bord in 1938
by: Sri Lanka . Parliament
Published: (1939)